ARRUPE JESUIT UNIVERSITY

CORONAVIRUS -STOP THE SPREAD - CLEAN,DISINFECT,COVER

Ethnicity, citizenship & state in Eastern Africa (Record no. 5149)

MARC details
000 -LEADER
fixed length control field 00568nam a2200229Ia 4500
003 - CONTROL NUMBER IDENTIFIER
control field 0100
008 - FIXED-LENGTH DATA ELEMENTS--GENERAL INFORMATION
fixed length control field 130227s9999 xx 000 0 und d
020 ## - INTERNATIONAL STANDARD BOOK NUMBER
International Standard Book Number 9956579998
040 ## - CATALOGING SOURCE
Transcribing agency ARRUPELIB
050 ## - LIBRARY OF CONGRESS CALL NUMBER
Classification number HN780.Z9T189 2011
100 ## - MAIN ENTRY--PERSONAL NAME
Personal name Tarimo, Aquiline
245 ## - TITLE STATEMENT
Title Ethnicity, citizenship & state in Eastern Africa
260 ## - PUBLICATION, DISTRIBUTION, ETC. (IMPRINT)
Place of publication, distribution, etc Mankon
260 ## - PUBLICATION, DISTRIBUTION, ETC. (IMPRINT)
Name of publisher, distributor, etc Langaa Research & Publishing
260 ## - PUBLICATION, DISTRIBUTION, ETC. (IMPRINT)
-- 2011
300 ## - PHYSICAL DESCRIPTION
Extent iii
300 ## - PHYSICAL DESCRIPTION
Other physical details 150p 22cm
650 ## - SUBJECT ADDED ENTRY--TOPICAL TERM
Topical term following geographic name as entry element Transcedental logic
650 ## - SUBJECT ADDED ENTRY--TOPICAL TERM
Location of event Ontology
650 ## - SUBJECT ADDED ENTRY--TOPICAL TERM
Active dates Knowledge, Theory of
942 ## - ADDED ENTRY ELEMENTS (KOHA)
Source of classification or shelving scheme Library of Congress Classification
Koha issues (borrowed), all copies 10
Holdings
Withdrawn status Lost status Source of classification or shelving scheme Damaged status Not for loan Collection code Home library Current library Shelving location Date acquired Total Checkouts Full call number Barcode Date last seen Date last borrowed Copy number Price effective from Koha item type
    Library of Congress Classification     Main Collection ARRUPE LIBRARY ARRUPE LIBRARY   27/02/2013 19 HN780.Z9T189 2011 46406567 24/04/2023 27/03/2023 1 27/02/2013 Monograph ( Printed materials)
    Library of Congress Classification     Main Collection ARRUPE LIBRARY ARRUPE LIBRARY   27/02/2013 10 HN780.Z9T189 2011 46406568 30/04/2018 21/03/2017 2 27/02/2013 Monograph ( Printed materials)

 

Arrupe Library. PO Box MP320 Mt Pleasant, Harare, Zimbabwe
263 242 745411|librarian@aju.ac.zw